Auto CAD 2004/2005 avanzado

Bibliographic Details
Main Author: Tajadura Zapirain, José Antonio
Format: Section = Libro
Language:Undetermined
Spanish
Published: España México 2004
Subjects:
LEADER 00677nam a2200229Ia 4500
008 240830s9999 xx 000 0 und d
020 |a 84-481-4054-0 
040 |a B-ESTELÍ- RUACS / 005.369 T135 
041 |a spa 
082 |a 005.369 T135  
100 1 |a Tajadura Zapirain, José Antonio 
245 1 0 |a Auto CAD 2004/2005 avanzado 
260 |a España  |b México  |c 2004 
300 |a 714 p.:il 
650 7 |a PROGRAMAS ESPECIFICOS - AUTOCAD-2005 
650 7 |b  GESTION - DIBUJO 
650 7 |c  DIBUJO DE PRECISION 
650 7 |d  PROCESOS DE DIBUJO - MODIFICACION - VISUALIZACION - ACOTACION 
650 7 |e  AUTOCAD - INTERNET. 
942 |c BK  |2 ddc 
991 |a TEXTO 
999 |c 10585